000 00675nam a2200253Ia 4500
005 20260121161332.0
008 008 260114s9999 xx 000 0 eng d
020 _a9781003349488
037 _aEBOOK
040 _aCRL
040 _beng
040 _cCRL
041 _2eng
041 _aeng
084 _qCRL
100 _aIrene Spigno; Valentina Rita Scotti; JanaĆ­na Lima Penalva da Silva
_91043119
245 4 _aThe Rights of Women in Comparative Constitutional Law :
260 _bTaylor and Francis
260 _c2023
856 _uhttp://www.taylorfrancis.com/books/9781003349488
942 _cEBOOK
999 _c1609935
_d1609935